=LDR 00000nam 2200000 4500 =001 INLIS000000000029781 =005 20130612132003 =008 ***********************************Ind** =035 ##$$a0010-061300000029781 =041 ##$$a Ind =082 ##$$a 657.3 =090 ##$$a 657.3, Sul a =100 ##$$a Sulistiawan, Dedhy =245 ##$$a Akuntansi keuangan menengah 1 pendekatan standar akuntansi keuangan Indonesia, dedhy Sulistiawan, Yie Ke Fehana =260 ##$$a 2006 $b Malang =300 ##$$a xii, 202 hlm, ilus, 30 cm =650 ##$$a Akuntansi Keuangan =700 ##$$a Feliana, Yie Ke =850 ##$$a NBPNMAT =990 ##$$a 93023/BPAP-NTB/2014